Statistics for Most Common Immigrant Origin by Italian Region

Click here to take the quiz!

General Stats

  • This quiz has been taken 145 times
  • The average score is 9 of 14

Answer Stats

# RegionsCountry% Correct
12Albania
87%
20Romania
84%
15Morocco
83%
2China
81%
1Tunisia
80%
1Egypt
79%
1Serbia
70%
1Ukraine
70%
1Bulgaria
64%
1Pakistan
51%
1Philippines
49%
2Bangladesh
40%
1Senegal
38%
1Ecuador
20%

Score Distribution

Percentile by Number Answered

Percent of People with Each Score

Your Score History

You have not taken this quiz